| 000 | 01331nam a2200409 i 4500 | ||
|---|---|---|---|
| 001 | 34836 | ||
| 003 | KOSZ 005 | ||
| 005 | 20200715090424.0 | ||
| 008 | 200715s1974 pl a f f 001 0 pol | ||
| 015 | _aPB 1974/947 | ||
| 035 | _a(OCoLC)838769628 | ||
| 040 |
_aWA N _cWA N _dKOSZ 005/EC _dKOSZ 005/RW |
||
| 046 | _k1954 | ||
| 080 | _a54 | ||
| 080 | _a(075.8) | ||
| 100 | 1 |
_aGórski, Andrzej _d(1920-2017) _eAutor |
|
| 245 | 1 | 0 |
_aChemia. _nT. 1, _pBudowa i przemiany materii / _cAndrzej Górski. |
| 260 |
_aWarszawa : _bPaństwowe Wydawnictwo Naukowe, _c1974. |
||
| 300 |
_a383, [1] strony : _bilustracje, wykresy ; _c25 cm. |
||
| 336 |
_aTekst _btxt _2rdacontent |
||
| 337 |
_aBez urządzenia pośredniczącego _bn _2rdamedia |
||
| 338 |
_aWolumin _bnc _2rdacarrier |
||
| 380 | _aKsiążki | ||
| 380 | _aPublikacje dydaktyczne | ||
| 388 | 1 | _a1901-2000 | |
| 388 | 1 | _a1945-1989 | |
| 504 | _aIndeks. | ||
| 650 | 7 | _aAtom | |
| 650 | 7 | _aCząstki elementarne | |
| 650 | 7 | _aZwiązki chemiczne | |
| 650 | 7 | _aReakcje chemiczne | |
| 655 | 4 | _aPodręczniki akademickie | |
| 658 | _aChemia | ||
| 710 | 2 |
_aPaństwowe Wydawnictwo Naukowe _4pbl |
|
| 856 |
_uhttp://koha.tu.koszalin.pl/cgi-bin/koha/opac-detail.pl?biblionumber=34836 _yKatalog online BPK |
||
| 942 |
_2UKD _cKS |
||
| 999 |
_c34836 _d34836 |
||